000 00676nam a22002177a 4500
003 UA-OsUOA
001 110024
007 ta
008 20150217b un ||||| |||| 00| 0 ukr d
100 _aНіколаєв Є.Б.
090 _a330(477)
_bН71
942 _cSA
040 _aUA-OsUOA
_bukr
_cUA-OsUOA
_dUA-OsUOA
245 _aАдаптація українських наукових економічних журналів до сучасних міжнародних академічних стандартів
300 _aС.17-31
955 _a0
041 _aukr
080 _a330(477)
773 0 _w110022
650 7 _a330 Економіка взагалі
_2UDC
999 _c395962
_d395962